| 000 | 02270cam a22004454i 4500 | ||
|---|---|---|---|
| 003 | PE-LiUPU | ||
| 005 | 20250731183424.0 | ||
| 008 | 150706s r 000 0 d | ||
| 020 | _a9789682477034 | ||
| 035 | _a(Sirsi) i9789682477034 | ||
| 040 |
_aPE-LiUPU _bspa _cPE-LiUPU _erda |
||
| 049 | _aPRUA | ||
| 082 | 0 | 4 |
_a720.1 _bS83 _221 |
| 100 | 1 |
_aStroeter, Joäo Rodolfo, _eautor. |
|
| 245 | 1 | 0 |
_aTeorías sobre arquitectura / _cJoäo Rodolfo Stroeter. |
| 250 | _a2a | ||
| 264 | 1 |
_aMéxico : _bTrillas, _c2007. |
|
| 300 |
_a214 páginas : _bilustraciones ; _c23 centímetros |
||
| 336 |
_atext _2rdacontent |
||
| 337 |
_aunmediated _2rdamedia |
||
| 338 |
_avolume _2rdacarrier |
||
| 504 | _aIncluye bibliografía. | ||
| 505 | 0 | _aEl funcionamiento y las teorías arquitectónicas -- La forma ¿Sigue a la función? -- La analogía lingüística -- La arquitectura como lenguaje -- Arquitectura y significado -- La tradición -- Arquitectura y construcción -- La arquitectura como manifiesto -- El método -- Estilo y moda -- La ornamentación -- El posmodernismo -- La tradición de la geometría. | |
| 526 | _aP158 | ||
| 526 | _aP146 | ||
| 526 | _aP17 | ||
| 526 | _aP12 | ||
| 526 | _aP06 | ||
| 541 | _g015-0010922; | ||
| 541 | _g0020-0000435; | ||
| 650 | 0 | 4 |
_aArquitectura. _94555 |
| 910 |
_agl _bjv _cng _d20091014 |
||
| 942 |
_2ddc _cBOOK |
||
| 949 |
_a720.1 S83 _wDEWEY _c1 _i60573 _d2016-9-1 _e2016-8-29 _lCCODEBUL1 _mBUL _n4 _p19.00 _r0 _sY _tBOOK _u2015-7-6 _xINGENIERIA _PP06 _0COMPRA _o.STAFF. Colección General |
||
| 949 |
_a720.1 S83 _wDEWEY _c2 _i72948 _d2016-6-21 _e2016-6-20 _lCCODEBUL1 _mBUL _n2 _p19.84 _r0 _sY _tBOOK _u2016-5-10 _xINGENIERIA _PP06 _0COMPRA _o.STAFF. Colección general |
||
| 994 |
_aC0 _bPEPRU |
||
| 596 | _a1 | ||
| 999 |
_a720.1 S83 _wDEWEY _c49996 _i60573 _d49996 _e2016-8-29 _f2021-11-9 _g7 _lCCODEBUL1 _mBUL _n4 _p19.00 _q1 _r0 _sY _tBOOK _u2015-7-6 _xINGENIERIA _PP06 _0COMPRA _o.STAFF. Colección General |
||
| 999 |
_a720.1 S83 _wDEWEY _c2 _i72948 _d2019-4-2 _e2019-3-26 _f2021-11-9 _g7 _lCCODEBUL1 _mBUL _n8 _p19.84 _r0 _sY _tBOOK _u2016-5-10 _xINGENIERIA _PP06 _0COMPRA _o.STAFF. Colección general |
||
| 980 |
_81 _gALBERTO SANCHEZ Responsable de Automatización |
||